000 00534nam a22001817a 4500
003 OSt
005 20250522142529.0
008 250522b |||||||| |||| 00| 0 eng d
020 _a9781639897308
040 _crda
100 _aBennett, Sergio.,
_eeditor
_9810316
245 _aGlobal Logistics and Supply Chain Strategies
_cedited by Sergio Bennett.
260 _aNew York:
_bStates Academics,
_c2023.
300 _avi,258p.
504 _aReferences: Abe M, Ye L, and Accenture.
650 _2Supply Chain
942 _2CC
_cGB
_n0
999 _c1430900
_d1430900